Which country has Germany most similarty on dna - Statistics

General Stats
  • This quiz has been taken 72 times
  • The average score is 17 of 20
Answer Stats
Rank Country % Correct
1 Austria
98%
3 Switzerland
97%
11 Sweden
95%
10 UK
95%
4 Belgium
93%
7 France
93%
2 Netherlands
93%
12 Norway
93%
9 Poland
93%
5 Denmark
92%
8 Czechia
90%
13 Italy
88%
6 Luxembourg
86%
14 Hungary
85%
16 Slovakia
83%
17 Croatia
76%
15 Slovenia
76%
19 Lithuania
68%
20 Latvia
66%
18 Romania
59%
No matching quizzes found
Score Distribution
Percent of People with Each Score
Percentile by Number Answered
Your Score History
You have not taken this quiz